Rocks & minerals / (Record no. 2335)

MARC details
000 -LEADER
fixed length control field 01687cam a22004337i 4500
005 - DATE AND TIME OF LATEST TRANSACTION
control field 20250617152157.0
020 ## - INTERNATIONAL STANDARD BOOK NUMBER
International Standard Book Number 9780062289186
Qualifying information (hardcover)
020 ## - INTERNATIONAL STANDARD BOOK NUMBER
International Standard Book Number 0062289187
Qualifying information (hardcover)
020 ## - INTERNATIONAL STANDARD BOOK NUMBER
International Standard Book Number 9780439795999
020 ## - INTERNATIONAL STANDARD BOOK NUMBER
International Standard Book Number 9780062289179
Qualifying information (paperback)
020 ## - INTERNATIONAL STANDARD BOOK NUMBER
International Standard Book Number 0062289179
Qualifying information (paperback)
040 ## - CATALOGING SOURCE
Original cataloging agency YDX
Language of cataloging eng
Transcribing agency YDX
Description conventions rda
Modifying agency BDX
-- OCLCQ
-- GK8
-- IEB
-- OCLCF
-- UAP
-- JAI
-- IUK
-- MDB
-- NDS
-- NYP
-- YU2
-- CHILD
-- VP@
-- DLC
050 00 - LIBRARY OF CONGRESS CALL NUMBER
Classification number QE432.2
Item number .S56 2017
082 04 - DEWEY DECIMAL CLASSIFICATION NUMBER
Classification number 552
Edition number 23
100 1# - MAIN ENTRY--PERSONAL NAME
Personal name Simon, Seymour
245 10 - TITLE STATEMENT
Title Rocks & minerals /
Statement of responsibility, etc. Seymour Simon
246 3# - VARYING FORM OF TITLE
Title proper/short title Rocks and minerals
246 1# - VARYING FORM OF TITLE
Display text Subtitle on cover:
Title proper/short title All about identifying, classifying, rockhounding, and more!
250 ## - EDITION STATEMENT
Edition statement First printing, November 2008
260 ## - PUBLICATION, DISTRIBUTION, ETC.
Place of publication, distribution, etc. New York :
Name of publisher, distributor, etc. Scholastic,
Date of publication, distribution, etc. 2008
300 ## - PHYSICAL DESCRIPTION
Extent 48 pages :
Other physical details illustrations
Dimensions 23 cm
500 ## - GENERAL NOTE
General note Includes index.
520 ## - SUMMARY, ETC.
Summary, etc. Science writer Seymour Simon explains to readers the different types of rocks and minerals with facts and full-color photographs. Readers will learn how to identify and classify various kinds of stones, such as granite, sandstone, basalt, quartz, and crystal.
650 #0 - SUBJECT ADDED ENTRY--TOPICAL TERM
Topical term or geographic name entry element Rocks
Form subdivision Juvenile literature.
650 #0 - SUBJECT ADDED ENTRY--TOPICAL TERM
Topical term or geographic name entry element Minerals
Form subdivision Juvenile literature.
650 #1 - SUBJECT ADDED ENTRY--TOPICAL TERM
Topical term or geographic name entry element Rocks.
650 #1 - SUBJECT ADDED ENTRY--TOPICAL TERM
Topical term or geographic name entry element Minerals.
650 #4 - SUBJECT ADDED ENTRY--TOPICAL TERM
Topical term or geographic name entry element Rocks.
650 #4 - SUBJECT ADDED ENTRY--TOPICAL TERM
Topical term or geographic name entry element Rocks
General subdivision Juvenile literature.
650 #4 - SUBJECT ADDED ENTRY--TOPICAL TERM
Topical term or geographic name entry element Minerals
General subdivision Juvenile literature.
650 #4 - SUBJECT ADDED ENTRY--TOPICAL TERM
Topical term or geographic name entry element Minerals.
650 #7 - SUBJECT ADDED ENTRY--TOPICAL TERM
Topical term or geographic name entry element Minerals.
Source of heading or term fast
Authority record control number or standard number (OCoLC)fst01022445
650 #7 - SUBJECT ADDED ENTRY--TOPICAL TERM
Topical term or geographic name entry element Rocks.
Source of heading or term fast
Authority record control number or standard number (OCoLC)fst01099409
655 #4 - INDEX TERM--GENRE/FORM
Genre/form data or focus term Juvenile works.
655 #7 - INDEX TERM--GENRE/FORM
Genre/form data or focus term Juvenile works.
Source of term fast
Authority record control number or standard number (OCoLC)fst01411637
906 ## - LOCAL DATA ELEMENT F, LDF (RLIN)
a 7
b cbc
c copycat
d 2
e epcn
f 20
g y-gencatlg
942 ## - ADDED ENTRY ELEMENTS (KOHA)
Source of classification or shelving scheme Dewey Decimal Classification
Koha item type Books
Suppress in OPAC No
999 ## -
-- 2335
-- 2335
Holdings
Withdrawn status Lost status Source of classification or shelving scheme Damaged status Not for loan Collection Home library Current library Shelving location Date acquired Total Checkouts Full call number Barcode Date last seen Copy number Price effective from Koha item type
    Dewey Decimal Classification     Non-Fiction Footprints International School Library Network Toul Kork Campus Footprints International School Library Network Toul Kork Campus A TK Campus, 4th Floor, Room B401, Non-Fiction Bookcases(7-8) 07/19/2024   SIM 552 QE432.2 FISTK00787 11/17/2023 1 07/19/2024 Books
    Dewey Decimal Classification     Non-Fiction Footprints International School Library Network Toul Tom Poung Campus Footprints International School Library Network Toul Tom Poung Campus TTP Secondary Non-Fiction Bookshelves 06/17/2025   SIM 552 QE432.2 FISBK05549 06/17/2025 2 06/17/2025 Books
    Dewey Decimal Classification     Non-Fiction Footprints International School Library Network Toul Tom Poung Campus Footprints International School Library Network Toul Tom Poung Campus TTP Secondary Non-Fiction Bookshelves 03/04/2026   SIM 552 QE432.2 FIS01289 03/04/2026 3 03/04/2026 Books